[Event "ch-Frankfurt A"]
[Site "Frankfurt Main"]
[Date "2025.05.12"]
[Round "3.33"]
[White "Shanmuganathan, Adhav"]
[Black "Bratmann, Marc"]
[Result "1/2-1/2"]
[WhiteElo "1685"]
[BlackElo "1856"]
[PlyCount "63"]
[EventDate "2025.04.28"]
[EventType "swiss"]
[EventRounds "7"]
[EventCountry "GER"]
[WhiteTeam "SV 1934 Ffm-Griesheim"]
[BlackTeam "Sfr Stiller Zug Wiesbaden"]

1. e4 c6 2. d4 d5 3. Nc3 dxe4 4. Nxe4 Nf6 5. Nxf6+ exf6 6. Bf4 Bd6 7. Bxd6 Qxd6 8. Qd2 O-O 9. O-O-O Be6 10. Be2 b5 11. a3 a5 12. d5 cxd5 13. Bxb5 Qb6 14. Ba4 Nc6 15. Qc3 Rfc8 16. Qb3 Qxf2 17. Nh3 Qh4 18. Bxc6 Rxc6 19. Qe3 Rac8 20. Rd2 Qc4 21. Kb1 d4 22. Qb3 Qc5 23. Qa4 Bf5 24. Rc1 d3 25. c3 Rd6 26. Re1 Bd7 27. Qe4 Re6 28. Qh4 Rxe1+ 29. Qxe1 Re8 30. Qd1 Qe3 31. Nf2 Qe1 32. Nxd3 1/2-1/2

[Event "ch-Frankfurt A"]
[Site "Frankfurt Main"]
[Date "2025.05.12"]
[Round "3.34"]
[White "Gärtner, Peter"]
[Black "Schaum, Adalbert"]
[Result "1-0"]
[WhiteElo "1757"]
[BlackElo "1490"]
[PlyCount "79"]
[EventDate "2025.04.28"]
[EventType "swiss"]
[EventRounds "7"]
[EventCountry "GER"]
[WhiteTeam "Sfr.Mainz 1928"]
[BlackTeam "SV 1997 Nauheim"]

1. d4 d5 2. Nf3 Nf6 3. e3 e6 4. Nbd2 c5 5. a3 Nc6 6. b3 Be7 7. Bb2 O-O 8. Bd3 cxd4 9. exd4 b6 10. O-O Bb7 11. Qe2 h6 12. b4 a6 13. Rac1 b5 14. Nb3 Nd7 15. Ne5 Ncxe5 16. dxe5 Rc8 17. Bd4 Nb6 18. Nc5 Bxc5 19. Bxc5 Re8 20. Rfd1 Na4 21. Bd4 Nc3 22. Bxc3 Rxc3 23. Ra1 Qc7 24. a4 bxa4 25. Rxa4 Rc8 26. Ra2 Qc6 27. Rb1 d4 28. f3 Qb6 29. Kf1 Ra8 30. Rab2 a5 31. bxa5 Qxa5 32. Rxb7 Rac8 33. Qe4 g6 34. Qf4 R3c7 35. Rxc7 Rxc7 36. Qxh6 Rc8 37. Bxg6 fxg6 38. Qxg6+ Kf8 39. Qf6+ Ke8 40. Qxe6+ 1-0

[Event "ch-Frankfurt A"]
[Site "Frankfurt Main"]
[Date "2025.05.12"]
[Round "3.39"]
[White "Schäfers, Serge"]
[Black "Felgendreher, Luke"]
[Result "0-1"]
[WhiteElo "1846"]
[BlackElo "1681"]
[PlyCount "66"]
[EventDate "2025.04.28"]
[EventType "swiss"]
[EventRounds "7"]
[EventCountry "GER"]
[WhiteTeam "TSV Bindlach Aktionär"]
[BlackTeam "Freibauer Mörlenbach-Birkenau"]

1. b4 d5 2. Bb2 Nd7 3. b5 e5 4. e3 Bd6 5. Nf3 c6 6. c4 Qc7 7. cxd5 cxd5 8. Nc3 Ngf6 9. Qb3 Nc5 10. Qc2 e4 11. Nd4 Bxh2 12. b6 axb6 13. Ncb5 Qb8 14. Nb3 Bd6 15. Bxf6 gxf6 16. Nxd6+ Qxd6 17. Rh6 Bd7 18. Qb2 Ke7 19. Rc1 Rac8 20. Rb1 Na4 21. Qa1 Qe5 22. Nd4 Qd6 23. Bb5 Nc5 24. Bxd7 Nd3+ 25. Kf1 Qxd7 26. Rxf6 Kxf6 27. Rxb6+ Ke7 28. Nf5+ Qxf5 29. Rxb7+ Kd6 30. Rb6+ Rc6 31. Rxc6+ Kxc6 32. Qc3+ Kd7 33. f4 Rc8 0-1

[Event "ch-Frankfurt A"]
[Site "Frankfurt Main"]
[Date "2025.05.12"]
[Round "3.40"]
[White "Manasek, Martin"]
[Black "Plattner, Rolf"]
[Result "0-1"]
[WhiteElo "1641"]
[BlackElo "1830"]
[PlyCount "114"]
[EventDate "2025.04.28"]
[EventType "swiss"]
[EventRounds "7"]
[EventCountry "GER"]
[WhiteTeam "SC Flörsheim 1921"]
[BlackTeam "SC Schachmatt Weiterstadt"]

1. d4 Nf6 2. c4 e6 3. Nc3 Bb4 4. Nf3 d5 5. Bg5 O-O 6. e3 Nbd7 7. Bd3 c6 8. O-O h6 9. Bh4 b6 10. cxd5 exd5 11. Ne5 Qc7 12. Rc1 Nxe5 13. dxe5 Qxe5 14. Bg3 Qe7 15. Ne2 Bd7 16. a3 Bd6 17. b4 Rac8 18. Ba6 Rc7 19. Nd4 Bxg3 20. hxg3 c5 21. bxc5 Rxc5 22. Nb3 Ba4 23. Qd3 Rxc1 24. Nxc1 Rd8 25. Ne2 Qe5 26. Nd4 Ng4 27. Nf3 Qf6 28. Rc1 Qb2 29. Rf1 Rb8 30. Nd4 Nf6 31. Rb1 Qa2 32. f3 Re8 33. Rb4 Qa1+ 34. Rb1 Rxe3 35. Qxe3 Qxb1+ 36. Kh2 Qg6 37. g4 Qxg4 38. Ne2 Qh4+ 39. Kg1 Qe1+ 40. Kh2 Bd1 41. Qe7 Bxe2 42. Bxe2 Qh4+ 43. Kg1 Qd4+ 44. Kh2 a5 45. Qd8+ Kh7 46. Qc7 Qh4+ 47. Kg1 Qe1+ 48. Kh2 Qxe2 49. Qxb6 Qe5+ 50. Kg1 d4 51. Qb1+ g6 52. Qb7 Kg7 53. Qb2 Qe3+ 54. Kf1 Qc3 55. Qb6 d3 56. Qd6 Qc1+ 57. Kf2 d2 0-1

[Event "ch-Frankfurt A"]
[Site "Frankfurt Main"]
[Date "2025.05.12"]
[Round "3.41"]
[White "Winter, Thomas"]
[Black "Lopez Fuertes, Victor"]
[Result "1-0"]
[WhiteElo "1627"]
[BlackElo "1741"]
[PlyCount "75"]
[EventDate "2025.04.28"]
[EventType "swiss"]
[EventRounds "7"]
[EventCountry "GER"]
[WhiteTeam "SV Oberursel"]
[BlackTeam "SC 1910 Höchst"]

1. e4 g6 2. d4 Bg7 3. Nc3 d6 4. f4 e6 5. Nf3 Ne7 6. Be3 h6 7. Qd2 Nd7 8. O-O-O b6 9. g4 Bb7 10. Bd3 Nf6 11. h3 a6 12. Rhf1 d5 13. exd5 Nexd5 14. Ne5 Nxe3 15. Qxe3 O-O 16. g5 Nh5 17. gxh6 Bxh6 18. Ne2 Qe8 19. Kb1 Rd8 20. Qg1 Kg7 21. Qg4 Nf6 22. Qg3 b5 23. Rg1 Be4 24. h4 Bxd3 25. Qxd3 c5 26. c3 c4 27. Qf3 Nd7 28. h5 Nxe5 29. fxe5 Qe7 30. hxg6 fxg6 31. Qg4 g5 32. Ng3 b4 33. Nh5+ Kg6 34. Rg3 Rf5 35. Nf6 Qf7 36. Rh3 Kg7 37. Rdh1 Rf4 38. Nh5+ 1-0

[Event "ch-Frankfurt A"]
[Site "Frankfurt Main"]
[Date "2025.05.12"]
[Round "3.42"]
[White "Kluge, Joscha"]
[Black "Brunner, Andreas"]
[Result "0-1"]
[WhiteElo "1677"]
[BlackElo "1634"]
[PlyCount "30"]
[EventDate "2025.04.28"]
[EventType "swiss"]
[EventRounds "7"]
[EventCountry "GER"]
[WhiteTeam "SC Bergen-Enkheim 1922"]
[BlackTeam "FV Berkersheim"]

1. c4 e5 2. g3 Nc6 3. Bg2 Nf6 4. Nc3 g6 5. d3 Bg7 6. e4 d6 7. Nge2 Bg4 8. Be3 Qc8 9. Qb3 Bh3 10. Bxh3 Qxh3 11. Qxb7 Kd7 12. Nb5 Rhc8 13. O-O-O Bh6 14. Nec3 a6 15. Kb1 Nd8 0-1

[Event "ch-Frankfurt A"]
[Site "Frankfurt Main"]
[Date "2025.05.12"]
[Round "3.43"]
[White "Roth, Daniel"]
[Black "Grünzig, Matthias"]
[Result "1-0"]
[WhiteElo "1804"]
[BlackElo "1687"]
[PlyCount "73"]
[EventDate "2025.04.28"]
[EventType "swiss"]
[EventRounds "7"]
[EventCountry "GER"]
[WhiteTeam "SC Matt im Park Ffm"]
[BlackTeam "FV Berkersheim"]

1. e4 e5 2. Nf3 d6 3. d4 exd4 4. Nxd4 Nf6 5. Nc3 Be7 6. Be2 O-O 7. Be3 Re8 8. h3 Bd7 9. Qd2 Nc6 10. O-O-O Nxd4 11. Bxd4 Bc6 12. f3 Nd7 13. g4 Bg5 14. f4 Bf6 15. Bf3 Bxd4 16. Qxd4 Qf6 17. Qxf6 Nxf6 18. Rhe1 Kf8 19. g5 Ng8 20. h4 f6 21. Bg4 h6 22. Bh5 Red8 23. e5 dxe5 24. fxe5 Rxd1+ 25. Rxd1 hxg5 26. hxg5 Ke7 27. exf6+ gxf6 28. Re1+ Kf8 29. g6 Rd8 30. Ne2 Rd4 31. Nxd4 Kg7 32. Nxc6 bxc6 33. Re8 Kh6 34. Bf3 Kg7 35. Bxc6 Nh6 36. Re7+ Kxg6 37. Rxc7 1-0

[Event "ch-Frankfurt A"]
[Site "Frankfurt Main"]
[Date "2025.05.12"]
[Round "3.44"]
[White "Münstermann, Matthias"]
[Black "May, Franz"]
[Result "0-1"]
[WhiteElo "1760"]
[BlackElo "1794"]
[PlyCount "66"]
[EventDate "2025.04.28"]
[EventType "swiss"]
[EventRounds "7"]
[EventCountry "GER"]
[WhiteTeam "SK Langen"]
[BlackTeam "Freibauer Mörlenbach-Birkenau"]

1. d4 d5 2. c4 e6 3. Nc3 Nf6 4. Nf3 Bb4 5. Bd2 Nc6 6. e3 O-O 7. Be2 Re8 8. a3 Bxc3 9. Bxc3 b6 10. O-O Bb7 11. Rc1 Ne4 12. Be1 Qf6 13. Nd2 Ng5 14. c5 e5 15. Nf3 exd4 16. Nxg5 Qxg5 17. cxb6 cxb6 18. Bb5 dxe3 19. fxe3 Qxe3+ 20. Bf2 Qe6 21. Re1 Qd7 22. Qh5 Rxe1+ 23. Rxe1 Qd6 24. Bd3 Qh6 25. Qxd5 Qf6 26. Qe4 g6 27. Qe3 Rd8 28. Qh6 Ne5 29. Bh4 Nf3+ 30. gxf3 Qxf3 31. Bf1 Qh1+ 32. Kf2 Qxh2+ 33. Ke3 Qd2# 0-1